00644 2200229 4500001002100000005001700021008004100038035002600079245002500105100002500130250000600155260004700161300005100208020002200259082000800281084001200289650004100301990001800342990001800360990001800378990001800396INLIS00000000000301320191230012150.0191230| ||| | ind  a 0010-12190000000301300cMohammad Abdul Ghani0 aMohammad Abdul Ghani a1 aIPB Press : BogorbIPB Press : Bogorc2016 a248 hlm. Rp. 85.000,- ;c248 hlm. Rp. 85.000,- a978-979-493-976-50 a600 a654,408 0aModel CSR Berbasis Komunitas 654.408 aB201708307564 aB201708307565 aB201708307566 aB201708307567